| 000 | 00900nas a2200301 4500 | ||
|---|---|---|---|
| 001 | BR2015001748 | ||
| 003 | BR-BrBNA | ||
| 005 | 20231205125143.0 | ||
| 007 | ta | ||
| 008 | 230509b bl.|||p| |||| 00| 00por d | ||
| 040 |
_aBR-BrBNA _bpor _cBiblioteca Nacional de Agricultura |
||
| 041 | _a(En) | ||
| 072 | _aL50 | ||
| 100 | 1 | _aTeixeira-Neto, A.R. | |
| 100 | 1 | _aFerraz, G.C. | |
| 100 | 1 | _aMoscardini, A.R.C. | |
| 100 | 1 | _aAlbernaz, R.M. | |
| 100 | 1 | _aGondin,M.R. | |
| 100 | 1 | _aQueiroz-Neto, A. | |
| 245 | 1 | _aDo hematologic constituents really increase due to endurance exercise in horses? | |
| 650 | _aCAVALO | ||
| 650 | _aBIOQUÍMICA | ||
| 650 | _aSANGUE | ||
| 650 | _aMODELO MATEMÁTICO | ||
| 773 | 0 |
_tPesquisa Veterinária Brasileira (Brazil) _xISSN 0100-736X _g(Sep 2012), v. 32(9) p. 951-956 _wBR2015001748 |
|
| 909 |
_a202311 _bLúcia _c55 _dLúcia Elande |
||
| 942 |
_2AGRIS _n0 _cANA |
||
| 999 |
_c242930 _d242930 |
||